000 00278nam a2200109 4500
008 160623b xxu||||| |||| 00| 0 eng d
100 _9768
_a Tolliver, R.C
245 _aDecision at Sea
260 _aTennessee
_b Broadman Press
_c1980
300 _aDecision at Sea
942 _2ddc
_cBK
999 _c615
_d615